000 00489nam a22001937a 4500
003 MPLRDC
005 20220104142430.0
008 210129b ||||| |||| 00| 0 eng d
020 _a983-9754-71-8
082 _a857.63 QY v.55
100 _a琼瑶
245 _a苍天有泪三之二爱恨千千万
_c
250 _a初版一刷
260 _a
_b皇冠出版社
_c1998
300 _b
490 _a琼瑶全集. 55
650 _a短篇小说--别集
942 _cBK
_o857.63 QY v.55
999 _c30855
_d30845